1734 1179 1130 1756 1402 1791 1150 1714 1736 1995 1836 1027 1084 1061 1487 1781 1438 1690 1090 1322 1566 1017 1595 1400 1782 1395 1253 1346 1768 1420 1085 1476 1161 1091 1612 1745 1527 1895 1493 1453 1689 1893 1270 1280 1647 1294 1902 1256 1935 1314 1762 1724 1821 1412 1913 1590 1713 1543 1722 1021 1524 1100 1085 1487 1705 1567 1861 1757 1910 1996 1033 1423 1068 1730 1790 1158 1067 1738 1616 1172 1026 1788 1030 1568 1712 1762 1149 1492 1151 1007 1973 1254 1424 1192 1216 1360 1104 1129 1691 BCNSPRNW ULIB Ver.6.0+V

เปลี่ยนเป็นภาษาไทย

Change to English
 แสดงรายละเอียดบรรณานุกรม
  กลับหน้าหลัก

Brief Record : Get Marc (ISO 2709) : E-mail record : QR code < ปิดหน้าต่าง
LEADER : 00000nam 2200000uu 4500
001    13399124375
003     ULIB
008    150529s2557||||th 000 0 tha d
099    วจ.LB3051^bพ716ก
100 0  พิมพ์ใจ อุ่นบ้าน, ประกายแก้ว ธนสุวรรณ, วรรณภา พิพัฒน์ธนวงศ์ และอภิวันท์ แก้ววรรณรัตน์
245 00 การประเมินผลการเรียนการสอนวิชาปฏิบัติการพยาบาลครอบครัวชุมชน 2 /^cพิมพ์ใจ อุ่นบ้าน, ประกายแก้ว ธนสุวรรณ, วรรณภา พิพัฒน์ธนวงศ์ และอภิวันท์ แก้ววรรณรัตน์
260    เชียงใหม่:^bวิทยาลัยพยาบาลบรมราชชนนี เชียงใหม่,^c2557
300    84 หน้า
650  4 การประเมินผลการเรียนการสอน^xวิจัย
700 0  ประกายแก้ว ธนสุวรรณ,^eผู้ร่วมวิจัย
700 0  วรรณภา พิพัฒน์ธนวงศ์,^eผู้ร่วมวิจัย
700 0  อภิวันท์ แก้ววรรณรัตน์,^eผู้ร่วมวิจัย
945    ^p0^l0^i039455
999    ^aเกษร โพธิ์สุวรรณ
รายการนี้ยังไม่มีแท็ก
คุณยังไม่ได้ล็อกอิน คุณสามารถมีกิจกรรมร่วมกับเว็บไซต์ได้ แต่ต้องล็อกอินก่อน ::
  ล็อกอิน

รายการสื่อสารสนเทศ

ลำดับที่ ประเภท เลขเรียก/บาร์โค้ด สถานที่ สถานะ
1. งานวิจัย
งานวิจัย
วจ.LB3051 พ716ก ฉ.1 
  Barcode: 039455
ห้องสมุดวิทยาเขตสวรรค์ประชารักษ์
►วิจัย
บนชั้น

BibComment


ยังไม่เคยถูกคอมเมนท์

คอมเมนท์ทรัพยากรรายการนี้
  คอมเมนท์: การประเมินผลการเร..


 Copyright 2026. Bcnsprnw @Library